| 000 | 00376nam a2200157Ia 4500 | ||
|---|---|---|---|
| 003 | OSt | ||
| 005 | 20231229065118.0 | ||
| 008 | 170524s9999 xx 000 0 und d | ||
| 020 | _a471375025 | ||
| 040 | _ciimt university meerut | ||
| 100 | _aRatherford-denney | ||
| 245 | 0 | _aHotel Management and operation | |
| 260 | _bJohn Wiley & Sons | ||
| 260 | _c2002 | ||
| 942 |
_2ddc _c02 |
||
| 999 |
_c7007 _d7007 |
||